Economics / (Record no. 1328)
[ view plain ]
| 000 -LEADER | |
|---|---|
| fixed length control field | 01037cam a22003254a 4500 |
| 001 - CONTROL NUMBER | |
| control field | 16974829 |
| 003 - CONTROL NUMBER IDENTIFIER | |
| control field | GZU |
| 005 - DATE AND TIME OF LATEST TRANSACTION | |
| control field | 20201007112046.0 |
| 008 - FIXED-LENGTH DATA ELEMENTS--GENERAL INFORMATION | |
| fixed length control field | 110923s2012 enka 001 0 eng |
| 010 ## - LIBRARY OF CONGRESS CONTROL NUMBER | |
| LC control number | 2011040034 |
| 020 ## - INTERNATIONAL STANDARD BOOK NUMBER | |
| International Standard Book Number | 9780273763123 (pbk.) |
| 020 ## - INTERNATIONAL STANDARD BOOK NUMBER | |
| International Standard Book Number | 0273763121 (pbk.) |
| 035 ## - SYSTEM CONTROL NUMBER | |
| System control number | (OCoLC)ocn754908740 |
| 040 ## - CATALOGING SOURCE | |
| Original cataloging agency | DLC |
| Transcribing agency | DLC |
| Modifying agency | YDX |
| -- | YDXCP |
| -- | CDX |
| -- | BWK |
| -- | DLC |
| 042 ## - AUTHENTICATION CODE | |
| Authentication code | pcc |
| 050 00 - LIBRARY OF CONGRESS CALL NUMBER | |
| Classification number | HB 171.5 |
| Item number | .SLO 2012 |
| 082 00 - DEWEY DECIMAL CLASSIFICATION NUMBER | |
| Classification number | 330 |
| Edition number | 23 |
| 100 1# - MAIN ENTRY--PERSONAL NAME | |
| Personal name | Sloman, John, |
| Dates associated with a name | 1947- |
| 245 10 - TITLE STATEMENT | |
| Title | Economics / |
| Statement of responsibility, etc. | John Sloman, Alison Wride, Dean Garratt. |
| 250 ## - EDITION STATEMENT | |
| Edition statement | 8th ed. |
| 260 ## - PUBLICATION, DISTRIBUTION, ETC. | |
| Place of publication, distribution, etc. | Harlow, England ; |
| -- | New York : |
| Name of publisher, distributor, etc. | Pearson, |
| Date of publication, distribution, etc. | 2012. |
| 300 ## - PHYSICAL DESCRIPTION | |
| Extent | 1 v. (various pagings) : |
| Other physical details | col. ill. ; |
| Dimensions | 27 cm. |
| 500 ## - GENERAL NOTE | |
| General note | Includes index. |
| 650 #0 - SUBJECT ADDED ENTRY--TOPICAL TERM | |
| Topical term or geographic name entry element | Economics. |
| 700 1# - ADDED ENTRY--PERSONAL NAME | |
| Personal name | Wride, Alison. |
| 700 1# - ADDED ENTRY--PERSONAL NAME | |
| Personal name | Garratt, Dean, |
| Dates associated with a name | 1970- |
| 906 ## - LOCAL DATA ELEMENT F, LDF (RLIN) | |
| a | 7 |
| b | cbc |
| c | orignew |
| d | 1 |
| e | ecip |
| f | 20 |
| g | y-gencatlg |
| 942 ## - ADDED ENTRY ELEMENTS (KOHA) | |
| Source of classification or shelving scheme | Library of Congress Classification |
| Koha item type | Books |
| Edition | 8th |
| Classification part | 172.5 |
| Item part | SLO |
| Call number prefix | HB |
| Withdrawn status | Lost status | Damaged status | Not for loan | Collection code | Home library | Current library | Shelving location | Date acquired | Total Checkouts | Total Renewals | Full call number | Barcode | Date last seen | Date last checked out | Copy number | Price effective from | Koha item type | Inventory number | Source of classification or shelving scheme | Source of acquisition | Coded location qualifier |
|---|---|---|---|---|---|---|---|---|---|---|---|---|---|---|---|---|---|---|---|---|---|
| Non-fiction | City Campus Library | City Campus Library | General Stacks | 10/07/2020 | 2 | 1 | HB 171 .5 SLO 2012 | 006671 | 09/23/2022 | 09/19/2022 | c.1 | 10/07/2020 | Books | ||||||||
| City Campus Library | City Campus Library | General Stacks | 03/18/2024 | 2 | HB171.5 SLO 2012 | 023152 | 05/16/2024 | 05/08/2024 | c.3 | 03/18/2024 | Books | 023152 | Library of Congress Classification | A | Acquisitio | ||||||
| Non-fiction | Mashava Campus Library | Mashava Campus Library | General Stacks | 05/05/2015 | HB171.5 SLO 2012 | 023392 | 05/05/2021 | c.2 | 05/05/2021 | Books | 023392 | ||||||||||
| Non-fiction | Mashava Campus Library | Mashava Campus Library | General Stacks | 05/05/2015 | HB171.5 SLO 2012 | 006667 | 05/05/2021 | c.3 | 05/05/2021 | Books | 17536 | ||||||||||
| Non-fiction | Mashava Campus Library | Mashava Campus Library | General Stacks | 05/05/2015 | 1 | HB171.5 SLO 2012 | 006670 | 03/29/2023 | 03/18/2023 | c.4 | 05/05/2021 | Books | 006670 |